| 000 | 00896nam a2200301Ia 4500 | ||
|---|---|---|---|
| 001 | Z_5974 | ||
| 003 | CHAP | ||
| 008 | 220113s2010 xx 000 0 und d | ||
| 010 | _a169189 | ||
| 020 | _a978-968-18-7171-0 | ||
| 040 | _cCHAP | ||
| 082 | _a332.67 R36 2010 | ||
| 100 |
_aRodríguez Cairo, Vladimir _9143013 |
||
| 245 |
_aFormulación y evaluación de proyectos / _cVladimir Rodríguez Cairo; coautor Raúl Bao García; coautor Luis Cárdenas Lucero. |
||
| 260 |
_aMéxico : _bLimusa, _c2010 |
||
| 300 | _a453 p. | ||
| 503 | _aej.1: C/E | ||
| 504 | _aBibliográfía: p. 453 - 454 | ||
| 650 |
_aProyectos Evaluación _9143583 |
||
| 650 |
_aProyectos _xInversión _9142824 |
||
| 700 |
_aI. Bao García, Raúl, coaut. II. Cárdenas Lucero, Luis, coaut. _9143584 |
||
| 901 | _a332.67 R36 2010 | ||
| 902 | _aM | ||
| 910 | _a2010 | ||
| 942 | _c1 | ||
| 942 | _cc1 | ||
| 999 |
_c169189 _d169189 |
||